Países de los que son el TOP 50 canales de youtube - Estadísticas

Estadísticas generales
  • Esta prueba ha sido intentada 318 veces
  • La puntuación promedio es 10 de 15
Estadísticas de respuestas
Cantidad de Canales País o Territorio % Correcto
15 Estados Unidos
98%
1 España
96%
1 México
94%
1 Argentina
88%
2 Canadá
85%
4 Brasil
77%
1 Reino Unido
76%
3 Rusia
73%
2 Chile
67%
14 India
67%
3 Corea del Sur
41%
1 Suecia
41%
1 Portugal
40%
1 El Salvador
27%
1 Noruega
27%
No se encontraron pruebas coincidentes
Distribución de puntuación
Porcentaje de gente con cada puntuación
Porcentaje por número respondido
Historial de tus puntuaciones
No has intentado esta prueba.